| 000 | 02724aam a2200337 i 4500 | ||
|---|---|---|---|
| 001 | 768714001 | ||
| 003 | CO-MdFUSB | ||
| 005 | 20250421104853.0 | ||
| 007 | ta | ||
| 008 | 231023t20012001spaa||ag |||| 00| 0 spa d | ||
| 020 | _a8486874769 | ||
| 040 |
_aCO-MdFUSB _bspa _cCO-MdFUSB _dCO-MdFUSBC _erda |
||
| 041 |
_aspa _heng |
||
| 082 |
_223 _a364.675 _bAC168 |
||
| 240 | _aEnd impunity. Justice for the victims of torture | ||
| 245 | 1 |
_aAcabar con la impunidad _b : justicia para las victimas de tortura _c/ edición de Amnistía Internacional |
|
| 250 | _aEdición española | ||
| 264 | 1 |
_aMadrid, España : _bAmnistía internacional, _c[2001] |
|
| 264 | 4 | _c©2001 | |
| 300 |
_a126 páginas _b: fotografías a blanco y negro _c; 24 cm |
||
| 336 |
_2rdacontent _atexto _btxt |
||
| 337 |
_2rdamedia _asin mediación _bn |
||
| 338 |
_2rdacarrier _avolumen _bnc |
||
| 504 | _aIncluye índice | ||
| 505 |
_tNo hay reconciliación duradera sin justicia: _aEl costo de la impunidad -- Procesar a los responsables -- Concesión de reparación a las víctimas -- Cambia la marea. _tEl delito de tortura y delitos conexos comprendidos en el derecho internacional: _aFuentes de la prohibición de la tortura en el derecho internacional -- La tortura como delito autónomo -- La tortura como crimen de lesa humanidad -- La tortura como crimen de guerra -- Delitos accesorios -- ¿Qué hay en la mente del cómplice? -- La violación y otros delitos sexuales -- Malos tratos: Un delito de derecho internacional. _tEl derecho de las víctimas a obtener reparación: _aEl derecho a un recurso efectivo -- Restitución, indemnización y rehabilitación -- Actuaciones civiles ante tribunales extranjeros _tAusencia de justicia en el propio país: _aBarreras a la investigación criminal, el procesamiento y la condena -- Deficiencias en el marco jurídico nacional -- Estatutos de prescripción -- Impunidad a través de las leyes que facilitan la tortura -- Impunidad a través de medidas que obstruyen la justicia -- Ausencia de investigaciones prontas e imparciales -- Ausencia de procesamientos -- Condenas que no reflejan la gravedad del delito -- Amnistías e indultos -- ¿Es su país un refugio para presuntos torturadores? _tJusticia en el extranjero: _aEl ejercicio de la jurisdicción universal por los tribunales nacionales -- La justicia en el extranjero, un instrumento de justicia en el propio país -- Tribunales y cortes penales internacionales. _tRecomendaciones: _aTipificación de la tortura como delito -- Los derechos de las víctimas -- Justicia internacional. |
||
| 563 | _aRústico. | ||
| 650 | 7 |
_2embne _92116 _aJusticia |
|
| 710 |
_aAmnistía Internacional, _98990 _eeditor |
||
| 942 | _cBK | ||
| 945 | _asor1564 | ||
| 999 |
_c69192 _d69192 |
||